000 00809cab a2200241 4500
001 WB3323-36
008 090401t1997 xxu||||| |||| 00| 0 eng d
035 _a(Sirsi) u78879
041 _aeng
245 _a3-year battle to win freehold
260 _c1997
350 _a0
490 _aEvening Standard
_v11 June 1997, 20-21(2)
520 _aResidents of Chiswick Village have won their battle to gain the freehold of their 280-flat west London estate, sold illegally in July 1994.
650 _aCHISWICK VILLAGE
650 _aLANDLORD AND TENANT ACT 1987
650 _aLEASEHOLD ENFRANCHISEMENT
650 _aLEATHBOND
650 _aRIGHT OF FIRST REFUSAL
690 _aPROPERTY-RESIDENTIAL PROPERTY-RESIDENTIAL LANDLORD AND TENANT-RESIDENTIAL TENANCIES
942 _n0
948 _c11/06/1997
999 _c49579
_d49579